000 00248nam a2200085 4500
999 _c523835
_d523835
082 _aJ7x54 In2
245 _aSAAR: Smart cities and Academia towards action and Research
260 _aNew Delhi
_bMinistry of Housing and Urban Affairs
300 _a3 Parts